02647cam a22003974i 4500003000900000005001700009008004100026035002000067040003300087100004200120245012600162264001000288300004000298336002100338337002500359338002300384502005900407504002400466520151600490526001002006526001002016526000902026526000902035526000902044526000902053526000902062526000902071526000902080526000802089526000802097526000802105526000802113526000802121650008302129700003702212PE-LiUPU20250731165405.0151005s2015 pe a grm 000 0 spa d a(Sirsi) a154778 aPE-LiUPUbspacPE-LiUPUerda1 aBarbaran Macuyama, Mila Yulizaeautor1 aDepresión y violencia familiar en pacientes mujeres de un hospital de Lima Este, 2014 /cMila Yuliza Barbaran Macuyama. 0c2015. a110 hojas : bilustraciones;c30 cm atext2rdacontent aunmediated2rdamedia avolume2rdacarrier aTesisb(Lic.) -- cUniversidad Peruana Unión,d2015. aIncluye referencias3 aEl objetivo de esta investigación fue determinar si existe relación entre la depresión y la violencia familiar en pacientes mujeres de un hospital de Lima este, 2014. El estudio fue descriptivo - correlacional de corte transversal, con una muestra no probabilística de 73 pacientes mujeres víctimas de maltrato por parte de su pareja. Sus edades estaban comprendidas entre los 18 años hasta los 55 años de edad que cumplieron los criterios de selección. La recolección de datos se realizó a través de un inventario: El Inventario de Depresión de Beck (Beck y Cols, 1961) y para violencia familiar a través de la Ficha de Tamizaje en Psicología Clínica y de la Salud (Resolución Ministerial, 2007). En el resultado se encontró que el 26.7% (23) de los pacientes llevan una relación marital con el agresor. Además se aprecia que el 63.0% (46) de las pacientes vienen siendo maltratadas entre los 0 a 5 años atrás. Por otro lado se puede apreciar que el 94.5% (49) de las pacientes tienen depresión. Asimismo se aprecia que existe presencia de violencia psicológica en un porcentaje mayor de 98.6% (72) del total de participantes y el 89.0% (65) hacen notar que han sufrido violencia física y finalmente un 11.0% (8)% pasaron por un episodio de violencia sexual. En conclusión, se encontró que la violencia familiar en sus tres dimensiones (psicológica, física y sexual) no está asociada con la depresión en pacientes que consideramos en nuestro estudio. aSEG44 aSEG26 aP151 aP150 aP149 aP146 aP145 aP126 aP125 aP92 aP75 aP74 aP27 aP1504aMujeresxViolencia en la familiaxAspectos psicológicosxMujeres maltratadas1 aApaza Pacori, Reyna Arodyeautor